[Event "Seniorenmeisterschaft Oberfranken 2010"]
[Site "Bischofsgruen"]
[Date "2010.05.05"]
[Round "1.6"]
[White "Fischer, Ernst"]
[Black "Romainczyk, Stefan"]
[Result "1/2-1/2"]
[WhiteElo "2107"]
[BlackElo "1816"]
[PlyCount "100"]
[EventDate "2010.??.??"]

1. d4 d5 2. Nf3 Nf6 3. e3 Nc6 4. Bd3 Bg4 5. c3 Qd7 6. Bb5 Bxf3 7. Qxf3 e6 8.
Nd2 a6 9. Bd3 Be7 10. e4 dxe4 11. Nxe4 O-O 12. O-O Rad8 13. Bg5 Nxe4 14. Bxe7
Qxe7 15. Bxe4 Rd6 16. Rfe1 Qg5 17. Bc2 b6 18. Rad1 Rfd8 19. Qd3 Qg6 20. Qe2 Qg5
21. Qxa6 g6 22. Qe2 Kg7 23. Rd3 Qb5 24. b3 Ne7 25. Qd2 c5 26. c4 Qa5 27. Qxa5
bxa5 28. d5 Nf5 29. Re5 Nd4 30. Bd1 exd5 31. Rxd5 Rxd5 32. cxd5 Rxd5 33. Kf1 f5
34. Bf3 Re5 35. Bb7 Kf6 36. f4 Re7 37. Bd5 Rd7 38. Bc4 Re7 39. g3 h6 40. h3 g5
41. fxg5+ hxg5 42. Rd2 Re3 43. Kf2 Rf3+ 44. Kg2 Rc3 45. Kf2 Ke5 46. Bd3 Rc1 47.
Bc4 Rh1 48. Kg2 Rc1 49. Kf2 Rc3 50. Bd3 Rc1 1/2-1/2

[Event "Seniorenmeisterschaft Oberfranken 2010"]
[Site "Bischofsgruen"]
[Date "2010.05.05"]
[Round "1.4"]
[White "Urytskyy, Arkadiy"]
[Black "Tunka, Josef"]
[Result "1-0"]
[WhiteElo "2165"]
[BlackElo "1879"]
[PlyCount "81"]
[EventDate "2010.??.??"]

1. Nf3 c5 2. c4 Nc6 3. Nc3 g6 4. g3 Bg7 5. Bg2 e5 6. O-O Nge7 7. a3 O-O 8. Rb1
a5 9. d3 d6 10. Nb5 h6 11. Bd2 Kh7 12. e3 Be6 13. Qe2 Qd7 14. Bc3 d5 15. Rfd1
d4 16. exd4 exd4 17. Bd2 f6 18. Bf4 Bg8 19. Bd6 b6 20. Re1 Rfe8 21. Qd2 Rac8
22. Re2 Na7 23. Nxa7 Qxa7 24. Rbe1 Bf8 25. Qf4 Kg7 26. Bh3 g5 27. Qe4 Bh7 28.
Qe6 Bg8 29. Qd7 Qa8 30. Bxe7 Bf7 31. Bxf8+ Rxf8 32. Re7 Rcd8 33. Qf5 Rde8 34.
Nd2 Qd8 35. Qe6 Rxe7 36. Qxe7 Re8 37. Qxd8 Rxd8 38. Re7 Rd6 39. Ne4 Rc6 40. Bd7
Rc7 41. Nd6 1-0

[Event "Seniorenmeisterschaft Oberfranken 2010"]
[Site "Bischofsgruen"]
[Date "2010.05.05"]
[Round "1.3"]
[White "Otto, Klaus"]
[Black "Merkel, Gerd"]
[Result "0-1"]
[WhiteElo "1894"]
[BlackElo "2185"]
[PlyCount "64"]
[EventDate "2010.??.??"]

1. e4 c6 2. d3 d5 3. Nd2 e5 4. Ngf3 Nd7 5. d4 exd4 6. Nxd4 Ngf6 7. exd5 Nxd5 8.
c4 Qe7+ 9. Qe2 Nb4 10. Qxe7+ Bxe7 11. Kd1 Ne5 12. a3 Nbd3 13. Bxd3 Nxd3 14. Ke2
Nxc1+ 15. Rhxc1 Bf6 16. N2b3 O-O 17. Rc2 c5 18. Nb5 Bf5 19. Rd2 Be6 20. Rc2 b6
21. Nc7 Bf5 22. Rd2 Rac8 23. Nd5 Rfe8+ 24. Kf1 Be5 25. f4 Bb8 26. h3 h5 27. Re1
Be4 28. g3 h4 29. Kf2 hxg3+ 30. Kxg3 Bxd5 31. Rxe8+ Rxe8 32. cxd5 Re3+ 0-1

[Event "Seniorenmeisterschaft Oberfranken 2010"]
[Site "Bischofsgruen"]
[Date "2010.05.05"]
[Round "1.2"]
[White "Pape, Manfred"]
[Black "Jeske, Günter"]
[Result "1-0"]
[WhiteElo "2231"]
[BlackElo "1916"]
[PlyCount "52"]
[EventDate "2010.??.??"]

1. Nf3 c5 2. g3 Nc6 3. Bg2 Nf6 4. d3 d6 5. e4 e5 6. Nbd2 Be6 7. c3 Be7 8. h3 a6
9. O-O O-O 10. Re1 h6 11. Nf1 Qd7 12. Kh2 Kh7 13. d4 cxd4 14. cxd4 Nxd4 15.
Nxd4 exd4 16. Qxd4 Rac8 17. Ne3 g6 18. f4 Qe8 19. Bd2 Rg8 20. Bc3 Nh5 21. Bf3
Ng7 22. g4 Qb5 23. f5 Bd7 24. Nd5 Bh4 25. Nf6+ Bxf6 26. Qxf6 Qe5+ 1-0

[Event "Seniorenmeisterschaft Oberfranken 2010"]
[Site "Bischofsgruen"]
[Date "2010.05.05"]
[Round "1.5"]
[White "Segelken, Peter"]
[Black "Siegmund, Rainer"]
[Result "0-1"]
[WhiteElo "1846"]
[BlackElo "2118"]
[PlyCount "50"]
[EventDate "2010.??.??"]

1. e4 c5 2. Nf3 Nc6 3. d4 cxd4 4. Nxd4 Nf6 5. Nc3 e5 6. Nxc6 bxc6 7. Be2 Be7 8.
O-O O-O 9. b3 d5 10. exd5 cxd5 11. Bg5 Bb7 12. Na4 Bc6 13. Nb2 h6 14. Bh4 Ne4
15. Bxe7 Qxe7 16. c4 d4 17. f3 Nc3 18. Qd2 Rad8 19. Nd1 Qc5 20. Bd3 f5 21. Kh1
e4 22. fxe4 fxe4 23. Be2 e3 24. Qb2 Qg5 25. Rxf8+ Rxf8 0-1

[Event "Seniorenmeisterschaft Oberfranken 2010"]
[Site "Bischofsgruen"]
[Date "2010.05.05"]
[Round "2.1"]
[White "Jeske, Eckhard"]
[Black "Gabriel, Wilfried"]
[Result "1-0"]
[WhiteElo "2246"]
[BlackElo "2053"]
[PlyCount "81"]
[EventDate "2010.??.??"]

1. c4 Nf6 2. Nc3 g6 3. e4 d6 4. g3 Bg7 5. Bg2 e5 6. Nge2 O-O 7. O-O Be6 8. d3
c6 9. Qb3 Qc7 10. f4 Na6 11. f5 Nc5 12. Qc2 Bc8 13. h3 b6 14. Be3 Bb7 15. g4 h6
16. Qd2 g5 17. Rac1 Rad8 18. b4 Ncd7 19. Bf3 Nh7 20. Kg2 f6 21. Rh1 Kf7 22. h4
Rh8 23. d4 a6 24. a4 c5 25. Nd5 Bxd5 26. cxd5 Qa7 27. dxc5 bxc5 28. bxc5 dxc5
29. d6 Qb7 30. Bxc5 gxh4 31. Be3 h3+ 32. Rxh3 Ng5 33. Rhh1 Rc8 34. Qa2+ Kf8 35.
Rxc8+ Qxc8 36. Rc1 Qd8 37. Rc7 h5 38. Bxg5 hxg4 39. Qc4 gxf3+ 40. Kxf3 Nb6 41.
Qf7# 1-0

[Event "Seniorenmeisterschaft Oberfranken 2010"]
[Site "Bischofsgruen"]
[Date "2010.05.05"]
[Round "2.4"]
[White "Trefzer, Erhard"]
[Black "Urytskyy, Arkadiy"]
[Result "1/2-1/2"]
[WhiteElo "2070"]
[BlackElo "2165"]
[PlyCount "58"]
[EventDate "2010.??.??"]

1. e4 c5 2. Nc3 d6 3. f4 Nc6 4. Bb5 Bd7 5. Nf3 g6 6. O-O Bg7 7. Bxc6 Bxc6 8. d3
Nf6 9. Qe1 O-O 10. Qh4 b5 11. f5 b4 12. Nd1 c4 13. Bh6 Qb6+ 14. Kh1 cxd3 15.
cxd3 Bb5 16. Nf2 Rac8 17. Ng5 Rc2 18. fxg6 hxg6 19. e5 dxe5 20. Nfe4 Bc6 21.
Bxg7 Kxg7 22. Rxf6 Bxe4 23. dxe4 Qe3 24. Ne6+ fxe6 25. Rxf8 Kxf8 26. Rf1+ Ke8
27. Qh8+ Kd7 28. Qxe5 Rc1 29. Qb5+ Kc7 1/2-1/2

[Event "Seniorenmeisterschaft Oberfranken 2010"]
[Site "Bischofsgruen"]
[Date "2010.05.05"]
[Round "2.6"]
[White "Romainczyk, Stefan"]
[Black "Jaschke, Dieter"]
[Result "1/2-1/2"]
[WhiteElo "1816"]
[BlackElo "1944"]
[PlyCount "50"]
[EventDate "2010.??.??"]

1. e4 c6 2. Bc4 d5 3. exd5 cxd5 4. Bb3 Nc6 5. d4 Bf5 6. Be3 e6 7. Ne2 Bd6 8.
Nd2 Nf6 9. Ng3 Bg6 10. O-O O-O 11. c3 Qc7 12. Bg5 Bxg3 13. fxg3 Ne4 14. Bf4 Qb6
15. Nxe4 Bxe4 16. Kh1 Rac8 17. Rc1 Na5 18. Rf2 Nc4 19. Bxc4 Rxc4 20. Qg4 Bf5
21. Qh5 Bg6 22. Qg4 Rfc8 23. Rcf1 Bf5 24. Qh5 Bg6 25. Qg4 Bf5 1/2-1/2

[Event "Seniorenmeisterschaft Oberfranken 2010"]
[Site "Bischofsgruen"]
[Date "2010.05.05"]
[Round "2.11"]
[White "Tunka, Josef"]
[Black "Schwenke, Norbert"]
[Result "1-0"]
[WhiteElo "1879"]
[BlackElo "1702"]
[PlyCount "35"]
[EventDate "2010.??.??"]

1. c4 Nf6 2. Nc3 g6 3. g3 Bg7 4. Bg2 d6 5. e4 Nbd7 6. Nge2 Ne5 7. d3 c6 8. h3
Be6 9. b3 O-O 10. d4 Ned7 11. d5 cxd5 12. cxd5 Bxh3 13. Bxh3 Ne5 14. Be3 Qa5
15. O-O Nf3+ 16. Kg2 Ng5 17. Bxg5 Rac8 18. Bxc8 1-0

[Event "Seniorenmeisterschaft Oberfranken 2010"]
[Site "Bischofsgruen"]
[Date "2010.05.05"]
[Round "2.2"]
[White "Siegmund, Rainer"]
[Black "Pape, Manfred"]
[Result "1/2-1/2"]
[WhiteElo "2118"]
[BlackElo "2231"]
[PlyCount "24"]
[EventDate "2010.??.??"]

1. d4 d5 2. c4 c6 3. Nf3 Nf6 4. Nc3 e6 5. e3 Nbd7 6. Qc2 Be7 7. Bd3 O-O 8. O-O
Re8 9. e4 dxe4 10. Nxe4 Nxe4 11. Bxe4 Nf8 12. Rd1 Qc7 1/2-1/2

[Event "Seniorenmeisterschaft Oberfranken 2010"]
[Site "Bischofsgruen"]
[Date "2010.05.05"]
[Round "3.1"]
[White "Merkel, Gerd"]
[Black "Jeske, Eckhard"]
[Result "1/2-1/2"]
[WhiteElo "2185"]
[BlackElo "2246"]
[PlyCount "53"]
[EventDate "2010.??.??"]

1. d4 Nf6 2. c4 c6 3. Nf3 d5 4. Nc3 g6 5. cxd5 Nxd5 6. e4 Nb6 7. Be2 Bg4 8. O-O
Bg7 9. d5 O-O 10. h3 Bxf3 11. Bxf3 Qd6 12. Qb3 N8d7 13. Rd1 Nc5 14. Qc2 cxd5
15. Nxd5 Rac8 16. Be3 Ne6 17. Qb3 Nxd5 18. Rxd5 Qb8 19. Rad1 b6 20. Bg4 Nc5 21.
Qa3 e6 22. Bxc5 bxc5 23. Rxc5 Bxb2 24. Qa5 Rxc5 25. Qxc5 Be5 26. Qe3 Bc7 27.
Qb3 1/2-1/2

[Event "Seniorenmeisterschaft Oberfranken 2010"]
[Site "Bischofsgruen"]
[Date "2010.05.05"]
[Round "3.2"]
[White "Pape, Manfred"]
[Black "Trefzer, Erhard"]
[Result "1/2-1/2"]
[WhiteElo "2231"]
[BlackElo "2070"]
[PlyCount "60"]
[EventDate "2010.??.??"]

1. Nf3 d5 2. g3 Nf6 3. Bg2 Bf5 4. d3 e6 5. Nbd2 h6 6. O-O Bc5 7. c4 c6 8. Rb1
Qe7 9. b3 Nbd7 10. Bb2 O-O 11. Qc2 Rfd8 12. Ne5 d4 13. Nef3 e5 14. Rfe1 Qd6 15.
Rbd1 a5 16. Ra1 a4 17. bxa4 Nb6 18. a5 Rxa5 19. Nb3 Ra6 20. Nxc5 Qxc5 21. a4
Nbd7 22. Nd2 Qa7 23. Ra3 Nc5 24. Rea1 Ra5 25. h3 Nfd7 26. f4 f6 27. fxe5 Be6
28. Nb3 Nxb3 29. Qxb3 Nc5 30. Qb4 Ra8 1/2-1/2

[Event "Seniorenmeisterschaft Oberfranken 2010"]
[Site "Bischofsgruen"]
[Date "2010.05.05"]
[Round "3.3"]
[White "Urytskyy, Arkadiy"]
[Black "Mörger, Karl-Heinz"]
[Result "1-0"]
[WhiteElo "2165"]
[BlackElo "2027"]
[PlyCount "75"]
[EventDate "2010.??.??"]

1. Nf3 d5 2. c4 e6 3. g3 Nf6 4. Bg2 Be7 5. b3 O-O 6. O-O Ne4 7. Qc2 Bf6 8. d4
c5 9. cxd5 exd5 10. Bb2 Nc6 11. dxc5 Nb4 12. Qc1 Bxb2 13. Qxb2 Nxc5 14. Qd4 Qa5
15. Rc1 Ne6 16. Qd2 Rd8 17. Ne5 f6 18. Nd3 Nc6 19. b4 Qb6 20. Nc3 Ne7 21. a4 a6
22. Qa2 Qd6 23. Rd1 Kh8 24. a5 Nf8 25. Nc5 b6 26. axb6 Qxb6 27. Nxd5 Nxd5 28.
Bxd5 Ra7 29. Qa5 Qxa5 30. Rxa5 Rd6 31. e4 Ng6 32. f4 Ne7 33. b5 Nxd5 34. Rxd5
Rxd5 35. exd5 Kg8 36. b6 Rf7 37. d6 Bd7 38. b7 1-0

[Event "Seniorenmeisterschaft Oberfranken 2010"]
[Site "Bischofsgruen"]
[Date "2010.05.05"]
[Round "3.4"]
[White "Gabriel, Wilfried"]
[Black "Siegmund, Rainer"]
[Result "1/2-1/2"]
[WhiteElo "2053"]
[BlackElo "2118"]
[PlyCount "50"]
[EventDate "2010.??.??"]

1. e4 c5 2. Nf3 Nc6 3. Bb5 g6 4. O-O Bg7 5. Re1 Nf6 6. e5 Nd5 7. Nc3 Nc7 8.
Bxc6 dxc6 9. Ne4 Ne6 10. d3 O-O 11. Neg5 h6 12. Nxe6 Bxe6 13. h3 Qc7 14. Bf4
Rad8 15. Qe2 Kh7 16. Bg3 Qc8 17. Nd2 b6 18. f4 Rfe8 19. b3 f5 20. a4 Qd7 21.
Nf3 Qd5 22. Rad1 Qd7 23. Bf2 Qc8 24. a5 Bd5 25. axb6 axb6 1/2-1/2

[Event "Seniorenmeisterschaft Oberfranken 2010"]
[Site "Bischofsgruen"]
[Date "2010.05.05"]
[Round "3.5"]
[White "Fischer, Ernst"]
[Black "Maczollek, Helmut"]
[Result "1-0"]
[WhiteElo "2107"]
[BlackElo "1652"]
[PlyCount "55"]
[EventDate "2010.??.??"]

1. d4 d5 2. Nf3 Nf6 3. e3 e6 4. Bd3 c5 5. c3 Nbd7 6. Nbd2 h6 7. O-O Bd6 8. Qe2
O-O 9. e4 dxe4 10. Nxe4 Nxe4 11. Bxe4 Nf6 12. Bc2 b6 13. dxc5 Bxc5 14. Bf4 Bb7
15. Rad1 Qc8 16. Be5 Be7 17. Rfe1 Qc6 18. Qf1 Rad8 19. Nd4 Qc8 20. Qd3 g6 21.
Qg3 Kh7 22. Bxf6 Bxf6 23. Nxe6 Rxd1 24. Nxf8+ Qxf8 25. Rxd1 Qe7 26. Qd6 Qe2 27.
Qxf6 Qxc2 28. Qxf7+ 1-0

[Event "Seniorenmeisterschaft Oberfranken 2010"]
[Site "Bischofsgruen"]
[Date "2010.05.05"]
[Round "4.1"]
[White "Jeske, Eckhard"]
[Black "Urytskyy, Arkadiy"]
[Result "1/2-1/2"]
[WhiteElo "2246"]
[BlackElo "2165"]
[PlyCount "84"]
[EventDate "2010.??.??"]

1. c4 c5 2. Nc3 Nf6 3. g3 d5 4. cxd5 Nxd5 5. Bg2 Nc7 6. d3 e5 7. Be3 Nc6 8. Rc1
Be6 9. Bxc6+ bxc6 10. Nf3 f6 11. O-O Nd5 12. b3 Bh3 13. Re1 Nxe3 14. fxe3 h5
15. Ne4 g5 16. Qc2 h4 17. Nxc5 hxg3 18. hxg3 g4 19. Nd2 Bh6 20. Nce4 Bxe3+ 21.
Nf2 Qb6 22. d4 O-O 23. Nc4 Qxd4 24. Nxe3 Qxe3 25. Qc4+ Kg7 26. Rc3 Qb6 27. e3
Rad8 28. Nxg4 Rd2 29. Nf2 Bf5 30. Qxc6 Qxc6 31. Rxc6 Rxa2 32. e4 Bd7 33. Rc7
Rf7 34. Rec1 Ra3 35. R1c3 Be6 36. b4 Ra2 37. Rc2 Rxc7 38. Rxc7+ Kg6 39. Rc6 Bd7
40. Rd6 Bc8 41. Rc6 Bd7 42. Rd6 Bc8 1/2-1/2

[Event "Seniorenmeisterschaft Oberfranken 2010"]
[Site "Bischofsgruen"]
[Date "2010.05.05"]
[Round "4.2"]
[White "Pape, Manfred"]
[Black "Merkel, Gerd"]
[Result "0-1"]
[WhiteElo "2231"]
[BlackElo "2185"]
[PlyCount "44"]
[EventDate "2010.??.??"]

1. e4 g6 2. d4 Bg7 3. Nc3 d6 4. Be3 a6 5. f4 b5 6. a3 Bb7 7. Nf3 Nf6 8. Bd3
Nbd7 9. h3 e6 10. g4 c5 11. g5 Nh5 12. Kf2 cxd4 13. Nxd4 Nxf4 14. Bxf4 Bxd4+
15. Kg2 Be5 16. Qg4 O-O 17. h4 f5 18. gxf6 Qxf6 19. Be3 h5 20. Qe2 Qg7 21. Qd2
Kh7 22. Kh3 Rf3+ 0-1

[Event "Seniorenmeisterschaft Oberfranken 2010"]
[Site "Bischofsgruen"]
[Date "2010.05.05"]
[Round "4.3"]
[White "Siegmund, Rainer"]
[Black "Theuermeister, Peter"]
[Result "1-0"]
[WhiteElo "2118"]
[BlackElo "1797"]
[PlyCount "39"]
[EventDate "2010.??.??"]

1. d4 Nf6 2. c4 d5 3. cxd5 Qxd5 4. Nc3 Qd8 5. e4 e6 6. Nf3 Be7 7. Bd3 Nbd7 8.
e5 Nd5 9. O-O c6 10. Qe2 Nxc3 11. bxc3 b5 12. a4 Qa5 13. Qc2 Nb6 14. Bd2 Nxa4
15. c4 Qb6 16. Rfb1 Nc5 17. Ba5 Qb7 18. dxc5 Bd7 19. Be4 a6 20. Nd4 1-0

[Event "Seniorenmeisterschaft Oberfranken 2010"]
[Site "Bischofsgruen"]
[Date "2010.05.05"]
[Round "4.4"]
[White "Trefzer, Erhard"]
[Black "Fischer, Ernst"]
[Result "1/2-1/2"]
[WhiteElo "2070"]
[BlackElo "2107"]
[PlyCount "37"]
[EventDate "2010.??.??"]

1. e4 e6 2. d4 d5 3. Nd2 c5 4. exd5 Qxd5 5. Ngf3 Nf6 6. Bc4 Qd6 7. dxc5 Qxc5 8.
Qe2 Be7 9. Ne5 O-O 10. Nb3 Qc7 11. Bf4 Bd6 12. Bg3 Nc6 13. Nxc6 Qxc6 14. Bxd6
Qxd6 15. O-O a6 16. a4 b6 17. Rfd1 Qc7 18. f3 Bb7 19. Rd2 1/2-1/2

[Event "Seniorenmeisterschaft Oberfranken 2010"]
[Site "Bischofsgruen"]
[Date "2010.05.05"]
[Round "5.1"]
[White "Urytskyy, Arkadiy"]
[Black "Merkel, Gerd"]
[Result "1-0"]
[WhiteElo "2165"]
[BlackElo "2185"]
[PlyCount "77"]
[EventDate "2010.??.??"]

1. Nf3 Nf6 2. g3 g6 3. b3 Bg7 4. Bb2 O-O 5. Bg2 d5 6. c4 c6 7. O-O Ne4 8. Bxg7
Kxg7 9. d3 Nf6 10. Nbd2 Nbd7 11. d4 e6 12. Qc2 b6 13. e4 Bb7 14. e5 Ng8 15. b4
Ne7 16. c5 Ba6 17. Rfe1 Nf5 18. a4 bxc5 19. bxc5 h5 20. Qc3 g5 21. Reb1 g4 22.
Ne1 h4 23. Nc2 hxg3 24. hxg3 Rc8 25. Nb4 Nb8 26. Nxa6 Nxa6 27. Qd3 Qg5 28. Nf1
Nc7 29. Rb7 f6 30. exf6+ Qxf6 31. Ne3 Nxd4 32. Nxg4 Nf3+ 33. Bxf3 Qxa1+ 34. Kg2
Rh8 35. Rb1 Qxa4 36. Qe3 Rh5 37. Ne5 Rf5 38. Rh1 Rcf8 39. Qh6+ 1-0

[Event "Seniorenmeisterschaft Oberfranken 2010"]
[Site "Bischofsgruen"]
[Date "2010.05.05"]
[Round "5.3"]
[White "Fischer, Ernst"]
[Black "Tunka, Josef"]
[Result "1-0"]
[WhiteElo "2107"]
[BlackElo "1879"]
[PlyCount "67"]
[EventDate "2010.??.??"]

1. d4 Nf6 2. Nf3 b6 3. e3 Bb7 4. Nbd2 e6 5. Bd3 c5 6. O-O d5 7. c3 Nbd7 8. Ne5
a6 9. f4 g6 10. Qf3 Bg7 11. g4 Qe7 12. b4 Rb8 13. bxc5 bxc5 14. Ba3 O-O 15. Qg2
Rfc8 16. g5 Nxe5 17. gxf6 Bxf6 18. fxe5 Bg7 19. Bxc5 Rxc5 20. dxc5 Qxc5 21. Qe2
Bxe5 22. Nf3 Bxc3 23. Rab1 Qa7 24. Rb3 Ba5 25. Bxa6 Bb6 26. Bxb7 Rxb7 27. Kg2
Rc7 28. Qb2 Bc5 29. Rb8+ Bf8 30. Qb4 Re7 31. Ne5 Qc7 32. Nxf7 Kg7 33. Ng5 h6
34. Nxe6+ 1-0

[Event "Seniorenmeisterschaft Oberfranken 2010"]
[Site "Bischofsgruen"]
[Date "2010.05.05"]
[Round "5.8"]
[White "Gabriel, Wilfried"]
[Black "Maczollek, Helmut"]
[Result "1-0"]
[WhiteElo "2053"]
[BlackElo "1652"]
[PlyCount "45"]
[EventDate "2010.??.??"]

1. e4 d6 2. d4 Nf6 3. Bd3 Nbd7 4. Nf3 e5 5. O-O Be7 6. c4 c6 7. b3 O-O 8. Nc3
Re8 9. Qc2 b6 10. Bb2 a6 11. Ne2 Qc7 12. Ng3 Nf8 13. dxe5 dxe5 14. Bxe5 Bd6 15.
Bxd6 Qd8 16. e5 Bg4 17. Bxf8 Rxf8 18. exf6 Bxf3 19. Bxh7+ Kh8 20. fxg7+ Kxg7
21. gxf3 Rh8 22. Be4 Qh4 23. Nf5+ 1-0

[Event "Seniorenmeisterschaft Oberfranken 2010"]
[Site "Bischofsgruen"]
[Date "2010.05.05"]
[Round "6.1"]
[White "Jeske, Eckhard"]
[Black "Fischer, Ernst"]
[Result "1/2-1/2"]
[WhiteElo "2246"]
[BlackElo "2107"]
[PlyCount "98"]
[EventDate "2010.??.??"]

1. c4 e6 2. e4 d5 3. cxd5 exd5 4. exd5 Nf6 5. Bb5+ Nbd7 6. Nc3 Be7 7. Nge2 O-O
8. Qb3 Nc5 9. Qc2 Nxd5 10. d4 Ne6 11. a3 c6 12. Bd3 Nf6 13. Be3 Nc7 14. Bf4 Re8
15. Be5 h6 16. O-O Bd6 17. Rad1 Qe7 18. f4 Ng4 19. Rf3 Nf6 20. h3 Be6 21. Ng3
Ncd5 22. Nce4 Bc7 23. Re1 Nxe4 24. Bxe4 f6 25. Bxc7 Qxc7 26. Qf2 Rad8 27. Rd1
Ne7 28. Bb1 Bf7 29. Re1 Nd5 30. Rf1 Ne7 31. Re3 Nd5 32. Rf3 Ne7 33. Ne4 Bg6 34.
Rg3 Bxe4 35. Bxe4 Qd7 36. Rd3 Nf5 37. Bxf5 Qxf5 38. Re3 Re4 39. Rxe4 Qxe4 40.
Rd1 c5 41. g3 f5 42. d5 Rxd5 43. Rxd5 Qxd5 44. Qe2 Kf7 45. h4 a6 46. Kh2 b5 47.
Qc2 c4 48. Qf2 Kg8 49. Qe1 Kf7 1/2-1/2

[Event "Seniorenmeisterschaft Oberfranken 2010"]
[Site "Bischofsgruen"]
[Date "2010.05.05"]
[Round "7.2"]
[White "Fischer, Ernst"]
[Black "Merkel, Gerd"]
[Result "0-1"]
[WhiteElo "2107"]
[BlackElo "2185"]
[PlyCount "90"]
[EventDate "2010.??.??"]

1. d4 Nf6 2. Nf3 g6 3. Nc3 Bg7 4. e4 d6 5. Be3 O-O 6. Qd2 Bg4 7. Be2 Nc6 8. h3
Bxf3 9. Bxf3 e5 10. d5 Nd4 11. O-O-O c5 12. dxc6 bxc6 13. Bxd4 exd4 14. Qxd4
Nd5 15. Qc4 Nxc3 16. bxc3 Rb8 17. Kd2 Qg5+ 18. Ke2 Rb2 19. Qd3 Qc5 20. Rb1 Rxa2
21. Rhd1 Bxc3 22. Kf1 Be5 23. Rd2 a5 24. Be2 Ra3 25. Qc4 Qxc4 26. Bxc4 Rc3 27.
Bb3 Ra8 28. Rd3 Rc5 29. Ba4 Rc4 30. Ra3 Ra7 31. f3 Kg7 32. Rb6 c5 33. Ke2 f5
34. exf5 Re7 35. Kf2 gxf5 36. Rb1 f4 37. Rd1 Rb4 38. Bc6 Rb2 39. Be4 Bd4+ 40.
Kf1 d5 41. Bxd5 Rxc2 42. Be4 Rf2+ 43. Ke1 Rxg2 44. Rd2 Rg3 45. Kd1 Rxe4 0-1

[Event "Seniorenmeisterschaft Oberfranken 2010"]
[Site "Bischofsgruen"]
[Date "2010.05.05"]
[Round "7.6"]
[White "Gabriel, Wilfried"]
[Black "Theuermeister, Peter"]
[Result "0-1"]
[WhiteElo "2053"]
[BlackElo "1797"]
[PlyCount "82"]
[EventDate "2010.??.??"]

1. e4 e6 2. Qe2 c5 3. g3 Nc6 4. c3 Qe7 5. Bg2 b6 6. Nf3 e5 7. d3 d6 8. Be3 Nf6
9. h3 Ba6 10. Qc2 Bb7 11. Na3 a6 12. O-O b5 13. Rad1 Rd8 14. Nh4 g6 15. Qd2 Bg7
16. f4 Nh5 17. Qf2 exf4 18. gxf4 Bf6 19. Nf3 h6 20. e5 dxe5 21. Bxc5 Qc7 22.
Bb6 Qd6 23. fxe5 Nxe5 24. Bxd8 Bxf3 25. Bxf3 Bxd8 26. Bg2 O-O 27. d4 Nd7 28.
Nc2 Bc7 29. Be4 Ndf6 30. Bd3 Nf4 31. Qh2 N6h5 32. Rf3 Re8 33. Re1 Rxe1+ 34.
Nxe1 Qe6 35. Qd2 Nxh3+ 36. Kf1 Ng3+ 37. Rxg3 Bxg3 38. Nf3 Nf4 39. b3 Qh3+ 40.
Kg1 Qg4 41. Qd1 Bh4+ 0-1

[Event "Seniorenmeisterschaft Oberfranken 2010"]
[Site "Bischofsgruen"]
[Date "2010.05.05"]
[Round "7.3"]
[White "Urytskyy, Arkadiy"]
[Black "Jeske, Günter"]
[Result "1-0"]
[WhiteElo "2165"]
[BlackElo "1916"]
[PlyCount "67"]
[EventDate "2010.??.??"]

1. Nf3 Nf6 2. g3 g6 3. b3 Bg7 4. Bb2 d6 5. Bg2 Nbd7 6. O-O O-O 7. d4 c6 8. Nbd2
Re8 9. e4 e5 10. dxe5 dxe5 11. Qe2 Nb6 12. Bxe5 Bg4 13. Bb2 Qc7 14. h3 Bxf3 15.
Qxf3 Nfd7 16. Bxg7 Kxg7 17. Rfe1 Rad8 18. a4 Nc8 19. Nc4 Ncb6 20. Ne3 Ne5 21.
Qf4 Qe7 22. a5 Nbd7 23. h4 Qf6 24. Rad1 h5 25. Re2 Qxf4 26. gxf4 Ng4 27. Red2
Nxe3 28. fxe3 Re7 29. e5 Kf8 30. Bh3 Ke8 31. Rd6 c5 32. c4 b6 33. a6 f5 34. e6
1-0

[Event "Seniorenmeisterschaft Oberfranken 2010"]
[Site "Bischofsgruen"]
[Date "2010.05.05"]
[Round "7.7"]
[White "Jaschke, Dieter"]
[Black "Mörger, Karl-Heinz"]
[Result "1/2-1/2"]
[WhiteElo "1944"]
[BlackElo "2027"]
[PlyCount "32"]
[EventDate "2010.??.??"]

1. d4 d5 2. Nf3 Nf6 3. g3 e6 4. Bg5 Be7 5. Bg2 O-O 6. O-O b6 7. c4 Bb7 8. Ne5
Nbd7 9. cxd5 Bxd5 10. Nc6 Bxc6 11. Bxc6 Rb8 12. Nc3 Nd5 13. Bxe7 Nxe7 14. Bg2
c6 15. Rc1 Rc8 16. b4 b5 1/2-1/2

[Event "Seniorenmeisterschaft Oberfranken 2010"]
[Site "Bischofsgruen"]
[Date "2010.05.05"]
[Round "8.1"]
[White "Jeske, Eckhard"]
[Black "Pape, Manfred"]
[Result "0-1"]
[WhiteElo "2246"]
[BlackElo "2231"]
[PlyCount "82"]
[EventDate "2010.??.??"]

1. c4 e5 2. Nc3 Nf6 3. Nf3 Nc6 4. e3 h6 5. d4 exd4 6. Nxd4 Nxd4 7. Qxd4 Be7 8.
Be2 O-O 9. b3 Re8 10. Bb2 c6 11. Bf3 Bf8 12. O-O Qa5 13. Ne4 Nxe4 14. Bxe4 d6
15. Bc2 Qg5 16. f4 Qc5 17. Qxc5 dxc5 18. e4 Bd7 19. h3 Rad8 20. Rad1 Bc8 21.
Kf2 Be7 22. Ke3 f5 23. Kf3 fxe4+ 24. Bxe4 Kf7 25. Be5 Bf6 26. Bxf6 Kxf6 27. a3
Be6 28. g4 Rd4 29. Rxd4 cxd4 30. Bc2 c5 31. Kf2 Bd7 32. Re1 Rxe1 33. Kxe1 g5
34. f5 h5 35. Kf2 hxg4 36. hxg4 Bc6 37. Bd3 Ke5 38. Kg3 a5 39. a4 Bh1 40. Bf1
Be4 41. Bg2 Bc2 0-1

[Event "Seniorenmeisterschaft Oberfranken 2010"]
[Site "Bischofsgruen"]
[Date "2010.05.05"]
[Round "8.2"]
[White "Merkel, Gerd"]
[Black "Trefzer, Erhard"]
[Result "0-1"]
[WhiteElo "2185"]
[BlackElo "2070"]
[PlyCount "64"]
[EventDate "2010.??.??"]

1. d4 Nf6 2. c4 e5 3. dxe5 Ng4 4. Nf3 Bc5 5. e3 Nc6 6. Be2 O-O 7. O-O Re8 8.
Nc3 Ncxe5 9. Nxe5 Nxe5 10. g3 b6 11. b3 Bb7 12. Bb2 a5 13. Nd5 c6 14. Nf4 Qe7
15. Nd3 Nxd3 16. Qxd3 Rad8 17. Rad1 d5 18. cxd5 Rxd5 19. Qc3 f6 20. Rxd5 cxd5
21. Bf3 Kf8 22. Qd3 g6 23. Bxd5 Rd8 24. e4 Kg7 25. Rd1 Bc8 26. Qf3 h5 27. e5
fxe5 28. Qe4 Kh7 29. Re1 Qf8 30. Re2 Bg4 31. Re3 Bxe3 32. fxe3 Qd6 0-1

[Event "Seniorenmeisterschaft Oberfranken 2010"]
[Site "Bischofsgruen"]
[Date "2010.05.05"]
[Round "8.4"]
[White "Fischer, Ernst"]
[Black "Siegmund, Rainer"]
[Result "1/2-1/2"]
[WhiteElo "2107"]
[BlackElo "2118"]
[PlyCount "52"]
[EventDate "2010.??.??"]

1. d4 Nf6 2. Nf3 e6 3. Bg5 d5 4. e3 Be7 5. Nbd2 Nbd7 6. Bd3 c5 7. c3 b6 8. Ne5
Nxe5 9. dxe5 Nd7 10. Bxe7 Qxe7 11. Bb5 Bb7 12. O-O O-O 13. Bxd7 Qxd7 14. f4 f6
15. Nf3 f5 16. Rf2 Rfd8 17. Rd2 Qe7 18. Qe2 a5 19. Rad1 Ba6 20. Qf2 Rac8 21.
Qh4 Qxh4 22. Nxh4 Kf7 23. Nf3 Ke7 24. Kf2 Bb5 25. Rb1 Be8 26. a3 Bh5 1/2-1/2

[Event "Seniorenmeisterschaft Oberfranken 2010"]
[Site "Bischofsgruen"]
[Date "2010.05.05"]
[Round "8.6"]
[White "Wagner, Gerhard"]
[Black "Jaschke, Dieter"]
[Result "1/2-1/2"]
[WhiteElo "1797"]
[BlackElo "1944"]
[PlyCount "39"]
[EventDate "2010.??.??"]

1. e4 c6 2. d4 d5 3. Nd2 dxe4 4. Nxe4 Nd7 5. Nf3 Ngf6 6. Nxf6+ Nxf6 7. h3 Bf5
8. Bd3 Bxd3 9. Qxd3 e6 10. O-O Be7 11. c3 O-O 12. Be3 Qc7 13. Rad1 Rad8 14. Qb1
c5 15. dxc5 Bxc5 16. Bxc5 Qxc5 17. Rxd8 Rxd8 18. Rd1 Rd5 19. Qc2 h6 20. Rxd5
1/2-1/2